[Event "25. Open Internacional de Parla 2010"]
[Site "Parla ESP"]
[Date "2010.09.06"]
[Round "3.15"]
[White "Rodriguez Bachiller, Luis"]
[Black "Sanchez-Guijaldo Vela, Demetrio"]
[Result "1/2-1/2"]
[WhiteElo "1903"]
[BlackElo "2128"]
[PlyCount "82"]
[EventDate "2010.09.04"]
[EventType "swiss"]
[EventRounds "9"]
[EventCountry "ESP"]
[Source "lmi"]
[SourceDate "2010.09.04"]

1. c4 f5 2. Nf3 Nf6 3. Nc3 d6 4. d4 g6 5. e3 Bg7 6. Bd3 Nbd7 7. O-O e5 8. dxe5
dxe5 9. e4 f4 10. Qa4 O-O 11. Rd1 c6 12. b4 Qe7 13. c5 h6 14. Bb2 g5 15. Ne2
Re8 16. Qb3+ Kh8 17. Rd2 Nh7 18. g3 Ndf8 19. Rad1 Bg4 20. Bb1 Bxf3 21. Qxf3 Qe6
22. gxf4 gxf4 23. Rd6 Qf7 24. Qg4 Nf6 25. Qf5 Qh5 26. Qxh5 Nxh5 27. f3 Re7 28.
a4 a6 29. Ba2 Kh7 30. Kf2 Rae8 31. Nc3 Nf6 32. b5 axb5 33. axb5 cxb5 34. Nxb5
N6d7 35. c6 bxc6 36. Rxc6 Rb8 37. Ba3 Rxb5 38. Bc4 Rb6 39. Rxb6 Nxb6 40. Bxe7
Nxc4 41. Rc1 Nb6 1/2-1/2

[Event "25. Open Internacional de Parla 2010"]
[Site "Parla ESP"]
[Date "2010.09.06"]
[Round "3.16"]
[White "Cerrato Torrijos, Maria"]
[Black "Suarez Prieto, Leopoldo"]
[Result "1-0"]
[WhiteElo "2055"]
[BlackElo "1815"]
[PlyCount "69"]
[EventDate "2010.09.04"]
[EventType "swiss"]
[EventRounds "9"]
[EventCountry "ESP"]
[Source "lmi"]
[SourceDate "2010.09.04"]

1. e4 e5 2. Nf3 Nc6 3. Bc4 d6 4. c3 h6 5. O-O Nf6 6. d3 a6 7. Bb3 Bg4 8. Nbd2
Ne7 9. h3 Bh5 10. Re1 Qd7 11. Nf1 O-O-O 12. Ng3 Ng6 13. Nxh5 Nxh5 14. Nxe5 Nxe5
15. Qxh5 g6 16. Qe2 Bg7 17. d4 Nc6 18. Ba4 b5 19. Bc2 f5 20. a4 Na7 21. axb5
Nxb5 22. Rxa6 Kb7 23. Ra5 Kb6 24. b4 Ra8 25. Bd2 Rxa5 26. bxa5+ Ka7 27. Ba4 c6
28. exf5 gxf5 29. d5 Nxc3 30. Bxc3 Rg8 31. Bxc6 Qc7 32. Bxg7 Qxg7 33. Qe3+ Kb8
34. Rb1+ Kc8 35. Qe6+ 1-0

[Event "25. Open Internacional de Parla 2010"]
[Site "Parla ESP"]
[Date "2010.09.06"]
[Round "3.17"]
[White "Fariñas Lucas, Juan Antonio"]
[Black "Moreno Ibañez, Miguel"]
[Result "0-1"]
[WhiteElo "1671"]
[BlackElo "1957"]
[PlyCount "44"]
[EventDate "2010.09.04"]
[EventType "swiss"]
[EventRounds "9"]
[EventCountry "ESP"]
[Source "lmi"]
[SourceDate "2010.09.04"]

1. e4 c5 2. b4 cxb4 3. d4 d5 4. e5 Nc6 5. Nf3 Bg4 6. Be2 Qb6 7. Be3 e6 8. Nbd2
Nge7 9. Nb3 Nf5 10. Bg5 Bxf3 11. Bxf3 Nfxd4 12. Be3 Nxf3+ 13. Qxf3 Qc7 14. O-O
Nxe5 15. Qg3 Bd6 16. Bf4 Nf3+ 17. Qxf3 Bxf4 18. g3 Be5 19. Rad1 O-O 20. Qd3
Rac8 21. Rd2 a5 22. Re1 Bc3 0-1

[Event "25. Open Internacional de Parla 2010"]
[Site "Parla ESP"]
[Date "2010.09.07"]
[Round "3.18"]
[White "Abreu Delgado, Aryam"]
[Black "Cano Cabanillas, Javier"]
[Result "1-0"]
[WhiteElo "2473"]
[BlackElo "1933"]
[PlyCount "95"]
[EventDate "2010.09.04"]
[EventType "swiss"]
[EventRounds "9"]
[EventCountry "ESP"]
[Source "lmi"]
[SourceDate "2010.09.04"]

1. e4 e6 2. d4 d5 3. Nc3 Nf6 4. e5 Nfd7 5. f4 c5 6. Nf3 Nc6 7. Be3 a6 8. Qd2
cxd4 9. Nxd4 Bc5 10. g3 O-O 11. Bg2 Nxd4 12. Bxd4 Bxd4 13. Qxd4 Qb6 14. Qxb6
Nxb6 15. O-O-O Bd7 16. Rhe1 Rac8 17. Ne2 Nc4 18. Nd4 Na5 19. Kb1 Nc6 20. Nb3
Ne7 21. Rd2 Rc7 22. Nd4 Nc6 23. Nf3 Ne7 24. b3 b5 25. a3 Rfc8 26. Kb2 g6 27.
Bf1 Kg7 28. Bd3 Rb8 29. Ra1 a5 30. Nd4 Rcb7 31. g4 Nc6 32. Nf3 Rb6 33. h4 Bc8
34. h5 Ba6 35. Rh1 b4 36. a4 Bxd3 37. cxd3 Ne7 38. Rdh2 gxh5 39. Rxh5 Rh8 40.
f5 exf5 41. gxf5 f6 42. Rg1+ Kf7 43. e6+ Kf8 44. Nd4 Ng8 45. Rc1 Rb7 46. Rc8+
Kg7 47. e7 Rxe7 48. Ne6+ 1-0

[Event "25. Open Internacional de Parla 2010"]
[Site "Parla ESP"]
[Date "2010.09.06"]
[Round "3.19"]
[White "Perez Cameselle, Francisco"]
[Black "Gongora Reyes, Maikel"]
[Result "0-1"]
[WhiteElo "1917"]
[BlackElo "2468"]
[PlyCount "64"]
[EventDate "2010.09.04"]
[EventType "swiss"]
[EventRounds "9"]
[EventCountry "ESP"]
[Source "lmi"]
[SourceDate "2010.09.04"]

1. Nf3 d5 2. b3 Nf6 3. Bb2 g6 4. e3 Bg7 5. c4 e6 6. Be2 O-O 7. O-O b6 8. cxd5
exd5 9. Nc3 Bb7 10. Qc2 Re8 11. Rac1 c6 12. d3 Qd6 13. Rcd1 Nbd7 14. e4 d4 15.
Nb1 c5 16. b4 Rac8 17. bxc5 Rxc5 18. Qb3 Nh5 19. Ba3 Nf4 20. Rfe1 Qf6 21. Bxc5
Nxc5 22. Qc2 g5 23. Bf1 g4 24. Nfd2 Rc8 25. Nc4 b5 26. e5 Qg5 27. Nd6 Nh3+ 28.
Kh1 Nxd3 29. Qxc8+ Bxc8 30. Bxd3 Nxf2+ 31. Kg1 Nxd1 32. Rxd1 Bd7 0-1

[Event "25. Open Internacional de Parla 2010"]
[Site "Parla ESP"]
[Date "2010.09.06"]
[Round "3.20"]
[White "Hernando Pertierra, Jose Carlos"]
[Black "Gomez Feria, Jose Maria"]
[Result "1-0"]
[WhiteElo "2386"]
[BlackElo "1895"]
[PlyCount "49"]
[EventDate "2010.09.04"]
[EventType "swiss"]
[EventRounds "9"]
[EventCountry "ESP"]
[Source "lmi"]
[SourceDate "2010.09.04"]

1. Nf3 Nf6 2. c4 g6 3. b3 Bg7 4. Bb2 O-O 5. g3 b6 6. Bg2 Bb7 7. O-O d6 8. d4
Nbd7 9. Re1 Re8 10. Nc3 Ne4 11. Nxe4 Bxe4 12. Qd2 Rc8 13. d5 Nf6 14. Bh3 Rb8
15. Nd4 Rb7 16. f3 Bf5 17. Bxf5 gxf5 18. Nxf5 Kh8 19. e4 e5 20. dxe6 Rxe6 21.
Nxg7 Kxg7 22. e5 Ne8 23. exd6+ Kf8 24. Rxe6 fxe6 25. Qh6+ 1-0

[Event "25. Open Internacional de Parla 2010"]
[Site "Parla ESP"]
[Date "2010.09.06"]
[Round "3.21"]
[White "Longa Yauca, Javier"]
[Black "Pablos Tenrero, Raquel"]
[Result "1-0"]
[WhiteElo "2313"]
[BlackElo "1884"]
[PlyCount "121"]
[EventDate "2010.09.04"]
[EventType "swiss"]
[EventRounds "9"]
[EventCountry "ESP"]
[Source "lmi"]
[SourceDate "2010.09.04"]

1. d4 d5 2. c4 c6 3. Nc3 Nf6 4. Nf3 e6 5. Bg5 Nbd7 6. e3 Qa5 7. Nd2 Bb4 8. Be2
dxc4 9. Bxf6 Nxf6 10. O-O b5 11. a4 Qb6 12. Qc2 O-O 13. Bf3 Bb7 14. Rfb1 a6 15.
b3 cxb3 16. Rxb3 Bxc3 17. Qxc3 Nd5 18. Qc1 Qd8 19. Ne4 Qe7 20. Qc5 Rfb8 21.
Qxe7 Nxe7 22. Nc5 Nd5 23. h4 Bc8 24. Bxd5 exd5 25. f3 Kf8 26. e4 dxe4 27. fxe4
Ke7 28. a5 Be6 29. Rb4 Rd8 30. Kf2 Bc4 31. Ke3 h5 32. Rc1 Rd6 33. g3 Rg6 34.
Kf3 Rf6+ 35. Kg2 Rd6 36. Rd1 f6 37. Kf2 g5 38. hxg5 fxg5 39. Ke3 h4 40. Rh1 Rh6
41. Rh2 h3 42. g4 Bf1 43. Rbb2 Bg2 44. Nd3 Re6 45. e5 Rh6 46. Rf2 Rf8 47. Rxf8
Kxf8 48. Nc5 Rh7 49. Ne6+ Ke8 50. Nxg5 Rg7 51. Nxh3 Rxg4 52. Nf4 Bf1 53. d5
cxd5 54. Nxd5 Rg6 55. Kd4 Kd7 56. Rh7+ Kd8 57. Rh8+ Kd7 58. Nf4 Rc6 59. Rh7+
Ke8 60. e6 Bc4 61. Ke5 1-0

[Event "25. Open Internacional de Parla 2010"]
[Site "Parla ESP"]
[Date "2010.09.06"]
[Round "3.22"]
[White "Rodriguez Dorado, Victor Manuel"]
[Black "Ortega Ruiz, Jose Miguel"]
[Result "1-0"]
[WhiteElo "1923"]
[BlackElo "2278"]
[PlyCount "77"]
[EventDate "2010.09.04"]
[EventType "swiss"]
[EventRounds "9"]
[EventCountry "ESP"]
[Source "lmi"]
[SourceDate "2010.09.04"]

1. c4 d6 2. Nc3 Nf6 3. Nf3 e5 4. d3 Be7 5. g3 O-O 6. Bg2 c6 7. O-O Re8 8. Rb1
Bf8 9. Bg5 h6 10. Bxf6 Qxf6 11. Ne4 Qd8 12. b4 d5 13. cxd5 cxd5 14. Nc5 b6 15.
Na4 Bb7 16. d4 e4 17. Ne5 Nc6 18. Nxc6 Bxc6 19. b5 Bb7 20. Qb3 h5 21. Qe3 g6
22. Rfc1 Kh7 23. Qf4 Re7 24. g4 hxg4 25. Qxg4 Bh6 26. e3 f5 27. Qh4 Qd6 28. Nc3
Rf8 29. a4 Rg7 30. Na2 g5 31. Qh5 f4 32. Nb4 g4 33. Nc6 g3 34. fxg3 fxg3 35. h3
Rg5 36. Qh4 Rf2 37. Ne5 Qf8 38. Rc7+ Kg8 39. Ng4 1-0

[Event "25. Open Internacional de Parla 2010"]
[Site "Parla ESP"]
[Date "2010.09.06"]
[Round "3.23"]
[White "Bote Alvarez-Carrasco, Valentin"]
[Black "Alvarez Gonzalez, Eduardo"]
[Result "1-0"]
[WhiteElo "2190"]
[BlackElo "1873"]
[PlyCount "155"]
[EventDate "2010.09.04"]
[EventType "swiss"]
[EventRounds "9"]
[EventCountry "ESP"]
[Source "lmi"]
[SourceDate "2010.09.04"]

1. e4 c6 2. d4 d5 3. exd5 cxd5 4. Bd3 Nc6 5. c3 g6 6. Bf4 Bg7 7. Nf3 Nf6 8. h3
Bf5 9. Be2 O-O 10. Nbd2 Ne4 11. O-O Qd7 12. Bh2 Bf6 13. Nxe4 Bxe4 14. Nd2 Bf5
15. g4 Be6 16. Bd3 h5 17. f3 hxg4 18. hxg4 Kg7 19. Kg2 Rh8 20. Qe2 Rh7 21. Bg3
Rah8 22. Rh1 Qc8 23. Rxh7+ Rxh7 24. Rh1 Rxh1 25. Kxh1 Bg5 26. Kg2 Qh8 27. Qf2
Bf6 28. Nf1 Qc8 29. Ne3 g5 30. Nf5+ Bxf5 31. Bxf5 e6 32. Bb1 Ne7 33. Qe3 Ng6
34. Bd3 a6 35. a3 Qh8 36. Bc2 Qc8 37. Kf2 Qh8 38. Bd3 Qc8 39. Bb1 Qd8 40. Ke2
Qb6 41. Qd2 Qb5+ 42. Bd3 Qd7 43. Kd1 Be7 44. Kc2 f6 45. Qh2 Qe8 46. Qh5 Qf7 47.
a4 Nf8 48. Qxf7+ Kxf7 49. a5 Ke8 50. b4 Kd7 51. Kd2 Bd6 52. Be1 Bf4+ 53. Ke2
Kd6 54. Bc2 e5 55. dxe5+ Bxe5 56. Bf5 Ne6 57. Kd3 Nf4+ 58. Kc2 Kc6 59. Bd2 Kc7
60. Bh7 b6 61. axb6+ Kxb6 62. Bg8 Kb5 63. Bf7 a5 64. Be8+ Kb6 65. Be3+ Ka6 66.
b5+ Kb7 67. Bc6+ Kb8 68. Bb6 Bc7 69. Bc5 Be5 70. Kb3 Ne6 71. Bb6 Bc7 72. Be3
Nf4 73. b6 Bd6 74. Ka4 Ne6 75. Bxd5 Nd8 76. Kxa5 Nb7+ 77. Bxb7 Kxb7 78. Kb5 1-0

[Event "25. Open Internacional de Parla 2010"]
[Site "Parla ESP"]
[Date "2010.09.06"]
[Round "3.24"]
[White "Tarin Casado, Francisco"]
[Black "Prieto Martin, Alfonso"]
[Result "1/2-1/2"]
[WhiteElo "1915"]
[BlackElo "2170"]
[PlyCount "66"]
[EventDate "2010.09.04"]
[EventType "swiss"]
[EventRounds "9"]
[EventCountry "ESP"]
[Source "lmi"]
[SourceDate "2010.09.04"]

1. b3 Nf6 2. Bb2 e6 3. e3 d5 4. Nf3 Nbd7 5. d4 c5 6. g3 b6 7. Bg2 Ba6 8. Nbd2
Rc8 9. c4 cxd4 10. Bxd4 dxc4 11. bxc4 Bxc4 12. Nxc4 Rxc4 13. O-O Be7 14. Qe2
Qc7 15. Ne5 Rc2 16. Qd3 Nxe5 17. Bxe5 Qc4 18. Qxc4 Rxc4 19. Rac1 Rxc1 20. Rxc1
Bc5 21. Bc6+ Ke7 22. Rd1 Rd8 23. Bxf6+ gxf6 24. Rxd8 Kxd8 25. e4 Ke7 26. Kf1 f5
27. exf5 exf5 28. Ke2 Kf6 29. f4 h5 30. h4 Bd4 31. Bb5 Ke7 32. Bc6 Kf6 33. Bb5
Ke7 1/2-1/2

[Event "25. Open Internacional de Parla 2010"]
[Site "Parla ESP"]
[Date "2010.09.06"]
[Round "3.25"]
[White "Lozano Sanchez, Jose Antonio"]
[Black "Gonzalez Tedin, Antonio"]
[Result "1/2-1/2"]
[WhiteElo "1914"]
[BlackElo "2156"]
[PlyCount "80"]
[EventDate "2010.09.04"]
[EventType "swiss"]
[EventRounds "9"]
[EventCountry "ESP"]
[Source "lmi"]
[SourceDate "2010.09.04"]

1. e4 e6 2. Nf3 c5 3. Bc4 a6 4. a4 Nc6 5. Nc3 Nf6 6. d3 d5 7. exd5 exd5 8. Bb3
Be7 9. h3 O-O 10. Bf4 h6 11. O-O Be6 12. Ne2 b5 13. axb5 axb5 14. c3 Qb6 15.
Qd2 b4 16. Rxa8 Rxa8 17. c4 Na5 18. Qc2 d4 19. Ra1 Ra7 20. Ba4 Nc6 21. b3 Bf5
22. Re1 Bf8 23. Ng3 Bh7 24. Ne5 Nxe5 25. Bxe5 Re7 26. Re2 Qd8 27. f3 Nd7 28.
Bxd7 Qxd7 29. Kf2 Qe8 30. Bf4 g5 31. Bc1 Rxe2+ 32. Qxe2 Qxe2+ 33. Kxe2 f5 34.
Nh1 Bd6 35. Nf2 Kf7 36. g4 Ke6 37. Bd2 Bg6 38. Bc1 Be7 39. Bd2 h5 40. Bc1 h4
1/2-1/2

[Event "25. Open Internacional de Parla 2010"]
[Site "Parla ESP"]
[Date "2010.09.06"]
[Round "3.26"]
[White "Alcaraz Amoros, Antonio"]
[Black "Nieto Esteban, Manuel"]
[Result "1-0"]
[WhiteElo "2143"]
[BlackElo "1823"]
[PlyCount "71"]
[EventDate "2010.09.04"]
[EventType "swiss"]
[EventRounds "9"]
[EventCountry "ESP"]
[Source "lmi"]
[SourceDate "2010.09.04"]

1. c4 e5 2. Nc3 Nf6 3. Nf3 Nc6 4. d4 exd4 5. Nxd4 Ne5 6. Bg5 Be7 7. e3 b6 8. f4
Ng6 9. Nf5 O-O 10. Qf3 Rb8 11. Nxe7+ Qxe7 12. Nd5 Qd6 13. O-O-O Nxd5 14. Rxd5
Qb4 15. f5 f6 16. fxg6 Bb7 17. gxh7+ Kh8 18. Bf4 Bxd5 19. Qxd5 Qe1+ 20. Qd1
Qxd1+ 21. Kxd1 d6 22. Bd3 f5 23. h4 Kxh7 24. g4 Rbd8 25. Bxf5+ g6 26. Be4 Rde8
27. Bc6 Re7 28. h5 gxh5 29. Rxh5+ Kg6 30. Ba4 Rg8 31. Bc2+ Kf7 32. Bg5 Re5 33.
Bf5 Rg7 34. e4 b5 35. Be3 a5 36. Bd4 1-0

[Event "25. Open Internacional de Parla 2010"]
[Site "Parla ESP"]
[Date "2010.09.06"]
[Round "3.27"]
[White "Lucas Garcia, Pedro"]
[Black "Montañes Arribas, Adrian"]
[Result "0-1"]
[WhiteElo "1898"]
[BlackElo "2114"]
[PlyCount "60"]
[EventDate "2010.09.04"]
[EventType "swiss"]
[EventRounds "9"]
[EventCountry "ESP"]
[Source "lmi"]
[SourceDate "2010.09.04"]

1. e4 c5 2. Nf3 d6 3. d4 cxd4 4. Nxd4 Nf6 5. Nc3 a6 6. f4 e5 7. Nf3 Nbd7 8. a4
Be7 9. Bd3 O-O 10. O-O Nc5 11. Kh1 exf4 12. Bxf4 Bg4 13. Qd2 Re8 14. Rae1 Rc8
15. Nd4 Qb6 16. e5 dxe5 17. Bxe5 Nxd3 18. Qxd3 Qxb2 19. Nf5 Bxf5 20. Qxf5 Qb6
21. Nd5 Qe6 22. Nxe7+ Rxe7 23. Qg5 h6 24. Qh4 Qc4 25. Rf4 Qxc2 26. Rg4 Rxe5 27.
Rxg7+ Kxg7 28. Rxe5 Qb1+ 29. Re1 Rc1 30. Qg3+ Kh7 0-1

[Event "25. Open Internacional de Parla 2010"]
[Site "Parla ESP"]
[Date "2010.09.06"]
[Round "3.28"]
[White "Martin Espeja, Jorge Juan"]
[Black "Rodrigo Yanguas, Maria"]
[Result "1/2-1/2"]
[WhiteElo "1884"]
[BlackElo "2095"]
[PlyCount "53"]
[EventDate "2010.09.04"]
[EventType "swiss"]
[EventRounds "9"]
[EventCountry "ESP"]
[Source "lmi"]
[SourceDate "2010.09.04"]

1. e4 e6 2. d4 d5 3. exd5 exd5 4. Bd3 Bd6 5. Ne2 Ne7 6. Bf4 Be6 7. Bxd6 Qxd6 8.
Ng3 Qb4+ 9. Qd2 Qxb2 10. Qc3 Qxc3+ 11. Nxc3 Nbc6 12. Rb1 O-O-O 13. Nce2 g5 14.
c3 Na5 15. Rb5 b6 16. f4 h5 17. O-O h4 18. Nh1 f6 19. f5 Bd7 20. Rxa5 bxa5 21.
Ba6+ Kb8 22. Rb1+ Ka8 23. Bb7+ Kb8 24. Ba6+ Ka8 25. Bb7+ Kb8 26. Ba6+ Ka8 27.
Bb7+ 1/2-1/2

[Event "25. Open Internacional de Parla 2010"]
[Site "Parla ESP"]
[Date "2010.09.06"]
[Round "3.29"]
[White "Garcia Lopez, Luis Manuel"]
[Black "De la Orden Alcocer, Alejandro"]
[Result "1-0"]
[WhiteElo "2094"]
[BlackElo "1798"]
[PlyCount "111"]
[EventDate "2010.09.04"]
[EventType "swiss"]
[EventRounds "9"]
[EventCountry "ESP"]
[Source "lmi"]
[SourceDate "2010.09.04"]

1. e4 c5 2. Nf3 e6 3. d4 cxd4 4. Nxd4 a6 5. Nc3 Ne7 6. g3 Nbc6 7. Nb3 Ng6 8. h4
b5 9. h5 Nge5 10. f4 Nc4 11. a4 b4 12. Bxc4 bxc3 13. bxc3 Na5 14. Be2 Bb7 15.
Qd4 Rc8 16. h6 Rg8 17. Ba3 Qc7 18. Nxa5 Qxa5 19. Bxf8 Kxf8 20. Kd2 Bxe4 21. Rh5
d5 22. Rg5 gxh6 23. Rxg8+ Kxg8 24. Rb1 Qc5 25. Qxc5 Rxc5 26. Bxa6 Kg7 27. Bd3
Bg2 28. Ra1 Ra5 29. Ke3 f6 30. Kd4 Kf7 31. Bb5 Ke7 32. Kc5 e5 33. fxe5 fxe5 34.
Kb6 Ra8 35. Bc6 Rc8 36. Kb7 Kd8 37. Rd1 Rc7+ 38. Kb6 Kc8 39. Bxd5 Bxd5 40. Rxd5
e4 41. Re5 Rxc3 42. Rxe4 Rxc2 43. a5 Rb2+ 44. Ka7 h5 45. Rc4+ Kd7 46. Rc3 Rb4
47. a6 Rb5 48. Rf3 Ke7 49. Rd3 Rb4 50. Rd5 h4 51. gxh4 Rxh4 52. Rb5 Kd7 53. Kb7
Rc4 54. a7 Rc7+ 55. Ka6 Rc1 56. a8=Q 1-0

[Event "25. Open Internacional de Parla 2010"]
[Site "Parla ESP"]
[Date "2010.09.06"]
[Round "3.30"]
[White "Ruiz Sanchez, Roberto"]
[Black "Lopez Garralon, Miguel"]
[Result "1-0"]
[WhiteElo "2079"]
[BlackElo "1788"]
[PlyCount "47"]
[EventDate "2010.09.04"]
[EventType "swiss"]
[EventRounds "9"]
[EventCountry "ESP"]
[Source "lmi"]
[SourceDate "2010.09.04"]

1. e4 d6 2. d4 Nf6 3. Nc3 Nbd7 4. Nf3 e5 5. h3 Be7 6. Bc4 h6 7. O-O c6 8. a4
Qc7 9. Be3 Nf8 10. Qe2 Ng6 11. Nd2 b6 12. Rfd1 Bb7 13. Nf1 O-O 14. Ng3 d5 15.
exd5 cxd5 16. Bb3 a6 17. dxe5 Nxe5 18. Bf4 Ne4 19. Nxd5 Bxd5 20. Bxd5 Nxg3 21.
Bxg3 Rad8 22. Bxe5 Qc5 23. Bb3 Bg5 24. Bc3 1-0

[Event "25. Open Internacional de Parla 2010"]
[Site "Parla ESP"]
[Date "2010.09.06"]
[Round "3.31"]
[White "Cavalle Pulla, Daniel"]
[Black "Castejon Caballero, Andres"]
[Result "1/2-1/2"]
[WhiteElo "1847"]
[BlackElo "2077"]
[PlyCount "81"]
[EventDate "2010.09.04"]
[EventType "swiss"]
[EventRounds "9"]
[EventCountry "ESP"]
[Source "lmi"]
[SourceDate "2010.09.04"]

1. e4 e5 2. Nf3 Qe7 3. Nc3 c6 4. d4 d6 5. Bc4 h6 6. dxe5 dxe5 7. Be3 Nf6 8. h3
b5 9. Bd3 Qc7 10. a3 Be6 11. Qd2 Nbd7 12. O-O Bc5 13. Rad1 O-O 14. Qe2 a5 15.
Rfe1 b4 16. Na4 Bxe3 17. Qxe3 c5 18. b3 c4 19. Bxc4 Bxc4 20. bxc4 Qxc4 21. Rd2
Qb5 22. Qb3 Nc5 23. Nxc5 Qxc5 24. axb4 axb4 25. Qb2 Rfe8 26. Rd3 Ra5 27. Rb3
Rb5 28. c3 Reb8 29. cxb4 Rxb4 30. Rxb4 Rxb4 31. Qxe5 Qxe5 32. Nxe5 Rxe4 33.
Rxe4 Nxe4 34. f3 Nd6 35. Kf2 f6 36. Nd3 h5 37. Nf4 h4 38. g3 g5 39. Nd5 hxg3+
40. Kxg3 Kg7 41. Kg4 1/2-1/2

[Event "25. Open Internacional de Parla 2010"]
[Site "Parla ESP"]
[Date "2010.09.06"]
[Round "3.32"]
[White "Martin Duque, Jesus"]
[Black "Tolosana Esteban, Enrique"]
[Result "1-0"]
[WhiteElo "2073"]
[BlackElo "1772"]
[PlyCount "61"]
[EventDate "2010.09.04"]
[EventType "swiss"]
[EventRounds "9"]
[EventCountry "ESP"]
[Source "lmi"]
[SourceDate "2010.09.04"]

1. e4 c5 2. Nf3 d6 3. d4 cxd4 4. Nxd4 Nf6 5. Nc3 a6 6. Bg5 Nbd7 7. f4 Qa5 8.
Qf3 h6 9. Bh4 e6 10. O-O-O Qh5 11. Qxh5 Nxh5 12. f5 Ne5 13. g4 Nxg4 14. Bh3
Nhf6 15. Bxf6 Nf2 16. fxe6 Nxd1 17. Rxd1 gxf6 18. Nd5 Rb8 19. Nxf6+ Ke7 20. Nd7
Ra8 21. Nb6 Rb8 22. Nd7 Ra8 23. Nf5+ Kxe6 24. Nb6 Rb8 25. Nxc8 Ke5 26. Ncxd6
Rh7 27. Rd5+ Kf4 28. Ng3 Bxd6 29. Rxd6 Ke5 30. Rd5+ Kf4 31. Kd2 1-0

[Event "25. Open Internacional de Parla 2010"]
[Site "Parla ESP"]
[Date "2010.09.06"]
[Round "3.33"]
[White "Suarez Sanchez, Esperanza"]
[Black "Cabañas Bravo, Juan Andres"]
[Result "0-1"]
[WhiteElo "1844"]
[BlackElo "2049"]
[PlyCount "118"]
[EventDate "2010.09.04"]
[EventType "swiss"]
[EventRounds "9"]
[EventCountry "ESP"]
[Source "lmi"]
[SourceDate "2010.09.04"]

1. d4 Nf6 2. c4 e5 3. dxe5 Ng4 4. Nf3 Nc6 5. Bf4 Bb4+ 6. Nbd2 Qe7 7. e3 Ngxe5
8. Nxe5 Nxe5 9. a3 Bxd2+ 10. Qxd2 d6 11. Be2 Ng6 12. Bg3 a5 13. Bf3 O-O 14. O-O
a4 15. Rac1 Ne5 16. Be2 b6 17. Qc3 Nd7 18. Bf3 Ra5 19. Rfd1 Nc5 20. Rd4 Be6 21.
Bd1 Bd7 22. Bh4 g5 23. Bg3 h5 24. f3 f5 25. h4 Bc6 26. hxg5 Qxg5 27. Bh4 Qg6
28. Kf2 Ne6 29. Rd2 f4 30. e4 Ng5 31. Rd5 Bxd5 32. exd5 Nf7 33. Bc2 Qg7 34. Bf6
Qg3+ 35. Kg1 Re8 36. Be4 h4 37. Qe1 Rc5 38. Bxh4 Qxe1+ 39. Bxe1 Ne5 40. Bd2 Rf8
41. Re1 Rxc4 42. Bc3 Kf7 43. Bb1 Rg8 44. Bxe5 dxe5 45. Ba2 b5 46. Bxc4 bxc4 47.
Rxe5 Rb8 48. Rf5+ Ke7 49. Rxf4 Rxb2 50. Rxc4 Kd6 51. Rxa4 Kxd5 52. g4 c5 53. g5
c4 54. Ra5+ Kd4 55. f4 c3 56. Ra7 Ke4 57. Rc7 c2 58. g6 Rb1+ 59. Kf2 c1=Q 0-1

[Event "25. Open Internacional de Parla 2010"]
[Site "Parla ESP"]
[Date "2010.09.06"]
[Round "3.34"]
[White "Tipter, Napoleon"]
[Black "Garcia-Ruiz Fuentes, Marcos"]
[Result "0-1"]
[WhiteElo "2027"]
[BlackElo "1749"]
[PlyCount "64"]
[EventDate "2010.09.04"]
[EventType "swiss"]
[EventRounds "9"]
[EventCountry "ESP"]
[Source "lmi"]
[SourceDate "2010.09.04"]

1. e4 c5 2. Nf3 d6 3. d4 cxd4 4. Qxd4 Nc6 5. Bb5 Bd7 6. Bxc6 Bxc6 7. Nc3 Nf6 8.
Bg5 e6 9. O-O-O Be7 10. Rhe1 Qc7 11. Bxf6 gxf6 12. Rd3 b5 13. Nd1 a5 14. Nd2 a4
15. f4 a3 16. bxa3 d5 17. exd5 Bxd5 18. Kb1 Ra4 19. Qc3 Qb7 20. Ne3 Bc4 21. Nb3
Bxd3 22. cxd3 O-O 23. f5 Rc8 24. Qb2 e5 25. Qe2 Bxa3 26. Ng4 Qc6 27. h3 Ra7 28.
Qd2 Bb4 29. Nxf6+ Kh8 30. Qf2 Bxe1 31. Qxa7 Qc2+ 32. Ka1 Bc3# 0-1

[Event "25. Open Internacional de Parla 2010"]
[Site "Parla ESP"]
[Date "2010.09.06"]
[Round "3.35"]
[White "Lopez Heras, Arturo"]
[Black "Argumanez Avendaño, Juan Antonio"]
[Result "1-0"]
[WhiteElo "2013"]
[BlackElo "1732"]
[PlyCount "47"]
[EventDate "2010.09.04"]
[EventType "swiss"]
[EventRounds "9"]
[EventCountry "ESP"]
[Source "lmi"]
[SourceDate "2010.09.04"]

1. c4 Nf6 2. d4 g6 3. Nc3 Bg7 4. e4 d6 5. Be2 O-O 6. g4 e5 7. d5 c6 8. h4 cxd5
9. cxd5 a5 10. Be3 Na6 11. f3 Nc5 12. Qd2 b6 13. Bh6 Ba6 14. Bxa6 Bxh6 15. Qxh6
Rxa6 16. Rd1 Qd7 17. h5 b5 18. Nh3 b4 19. Ne2 Na4 20. Ng3 Nxb2 21. Nf5 gxf5 22.
Qg5+ Kh8 23. Qxf6+ Kg8 24. h6 1-0

[Event "25. Open Internacional de Parla 2010"]
[Site "Parla ESP"]
[Date "2010.09.06"]
[Round "3.36"]
[White "Corisco Beltran, Rafael"]
[Black "Piña Sierra, Jesus"]
[Result "1/2-1/2"]
[WhiteElo "1808"]
[BlackElo "2013"]
[PlyCount "72"]
[EventDate "2010.09.04"]
[EventType "swiss"]
[EventRounds "9"]
[EventCountry "ESP"]
[Source "lmi"]
[SourceDate "2010.09.04"]

1. e4 c5 2. Nf3 Nc6 3. d4 cxd4 4. Nxd4 Nf6 5. Nc3 e5 6. Ndb5 d6 7. Bg5 a6 8.
Na3 b5 9. Bxf6 gxf6 10. Nd5 f5 11. Bd3 Be6 12. Qh5 Bg7 13. O-O f4 14. c4 b4 15.
Nc2 a5 16. Rac1 O-O 17. Ne1 Rb8 18. b3 h6 19. Nf3 Ne7 20. Nh4 Qd7 21. Nxe7+
Qxe7 22. Nf5 Bxf5 23. Qxf5 Kh8 24. Be2 Qg5 25. Qxg5 hxg5 26. Bg4 Bf6 27. Rfd1
Be7 28. Rd5 Ra8 29. a4 bxa3 30. Ra1 a4 31. Rxa3 axb3 32. Rxb3 Ra1+ 33. Rd1 Rfa8
34. Rb8+ Rxb8 35. Rxa1 Rb7 36. Kf1 Kg7 1/2-1/2

[Event "25. Open Internacional de Parla 2010"]
[Site "Parla ESP"]
[Date "2010.09.06"]
[Round "3.37"]
[White "Vargas Huamani, Juan Carlos"]
[Black "Alcazar Mata, Jesus"]
[Result "1/2-1/2"]
[WhiteElo "2013"]
[BlackElo "1666"]
[PlyCount "104"]
[EventDate "2010.09.04"]
[EventType "swiss"]
[EventRounds "9"]
[EventCountry "ESP"]
[Source "lmi"]
[SourceDate "2010.09.04"]

1. e4 e5 2. Nf3 Nc6 3. d4 exd4 4. Nxd4 Bc5 5. Be3 Qf6 6. c3 Nge7 7. Bc4 Ne5 8.
Be2 Qg6 9. O-O O-O 10. Nd2 d5 11. Bh5 Qa6 12. Nf5 Bd6 13. Nxe7+ Bxe7 14. exd5
Rd8 15. Bd4 Bf6 16. Ne4 Rxd5 17. Nxf6+ gxf6 18. Bf3 Nxf3+ 19. Qxf3 Rf5 20. Qg3+
Rg5 21. Qh4 Bd7 22. f4 Rg4 23. Qxf6 Qxf6 24. Bxf6 c5 25. g3 Rg6 26. Be5 Re6 27.
Rfe1 Rc8 28. c4 Rce8 29. Kf2 f6 30. Bc3 Kf7 31. Rxe6 Rxe6 32. Re1 Rd6 33. Re2
Bc6 34. Rd2 Rxd2+ 35. Bxd2 f5 36. Bc3 Ke6 37. Be5 h5 38. Bb8 a6 39. Ba7 Kd6 40.
Ke3 Be4 41. Bb8+ Kc6 42. Kd2 b5 43. cxb5+ axb5 44. a3 Kd5 45. b3 Bb1 46. Kc3
Be4 47. Ba7 Bg2 48. h4 Bf1 49. Bb6 Be2 50. Bc7 Bf1 51. Bd8 Be2 52. Ba5 Bf1
1/2-1/2